000 00823nam a2200217 a 4500
001 23056
003 CO-ViMGA
008 141112s2004 ck r 000 u spa d
020 _a9701505263
040 _aCO-ViMGA
_bspa
_cCO-ViMGA
082 0 4 _a005.756 M443d
100 1 _aMiguel Castaño, Adoraciòn de
_933167
245 1 0 _aDiseño de bases de datos relacionales
260 _aMéxico :
_bAlfaomega
300 _a549p.
505 _aModelos de datos, Modelo entidad, Modelo de datos relacional, Concepto y manipulacion de dependencias funcionales, Teoria de la normalizacion. formas normales basadas en las dependencias funcionales, Formas normales
650 1 4 _aADMINISTRACION DE BASE DE DATOS
_98520
650 1 4 _aBASE DE DATOS RELACIONALES
_933168
650 1 4 _aDISEÑO DE BASE DE DATOS
_933169
942 _2ddc
_cBK
999 _c31337
_d31337